Pengantar Pentadbitan Awam : Paradigma Baru / (Record no. 27206)
[ view plain ]
| 000 -LEADER | |
|---|---|
| fixed length control field | 01030nam a22002777a 4500 |
| 001 - CONTROL NUMBER | |
| control field | 0000003793 |
| 003 - CONTROL NUMBER IDENTIFIER | |
| control field | PPM |
| 005 - DATE AND TIME OF LATEST TRANSACTION | |
| control field | 20260420162049.0 |
| 008 - FIXED-LENGTH DATA ELEMENTS--GENERAL INFORMATION | |
| fixed length control field | 260420b ||||| |||| 00| 0 eng d |
| 020 ## - INTERNATIONAL STANDARD BOOK NUMBER | |
| International Standard Book Number | 9676112410 |
| Terms of availability | RM 26.00 |
| Qualifying information | Paperback |
| 035 ## - SYSTEM CONTROL NUMBER | |
| System control number | 0000003793 |
| 040 ## - CATALOGING SOURCE | |
| Language of cataloging | Malay |
| Transcribing agency | Pusat Penyelidikan Mineral, Jabatan Mineral Dan Geosains Malaysia |
| Modifying agency | PPM |
| Description conventions | RDA |
| 082 00 - DEWEY DECIMAL CLASSIFICATION NUMBER | |
| Edition number | 21 |
| Classification number | 351.595 |
| Item number | AHM 2004 |
| 100 1# - MAIN ENTRY--PERSONAL NAME | |
| Personal name | Ahmad Atory Hussain, |
| Dates associated with a name | 1951- |
| Relator term | author |
| 245 10 - TITLE STATEMENT | |
| Title | Pengantar Pentadbitan Awam : Paradigma Baru / |
| Statement of responsibility, etc. | oleh Ahmad Atory Hussain |
| 250 ## - EDITION STATEMENT | |
| Edition statement | 2nd.ed. |
| 260 #1 - PUBLICATION, DISTRIBUTION, ETC. | |
| Place of publication, distribution, etc. | Kuala Lumpur : |
| Name of publisher, distributor, etc. | Utusan Publications & Distributors, |
| Date of publication, distribution, etc. | 2004 |
| 300 00 - PHYSICAL DESCRIPTION | |
| Extent | vi, 338 pages .; |
| Other physical details | illustrations .; |
| Dimensions | 21 cm |
| 440 ## - SERIES STATEMENT/ADDED ENTRY--TITLE | |
| Title | Siri pengajian dan pendidikan Utusan |
| 500 ## - GENERAL NOTE | |
| General note | Koleksi Peribadi YABhg. Tun Ahmad Sarji |
| 504 ## - BIBLIOGRAPHY, ETC. NOTE | |
| Bibliography, etc. note | Mengandungi rujukan bibliografi (p.: 333 - 336 ) |
| 650 10 - SUBJECT ADDED ENTRY--TOPICAL TERM | |
| Topical term or geographic name entry element | Civil service |
| Geographic subdivision | Malaysia |
| 650 20 - SUBJECT ADDED ENTRY--TOPICAL TERM | |
| Topical term or geographic name entry element | Administrative agencies |
| Geographic subdivision | Malaysia |
| 651 10 - SUBJECT ADDED ENTRY--GEOGRAPHIC NAME | |
| Geographic name | Malaysia |
| General subdivision | Politics and government |
| 942 ## - ADDED ENTRY ELEMENTS (KOHA) | |
| Source of classification or shelving scheme | |
| Koha item type | Books |
| Withdrawn status | Lost status | Source of classification or shelving scheme | Damaged status | Not for loan | Collection code | Permanent Location | Current Location | Shelving location | Date acquired | Cost, normal purchase price | Total Checkouts | Full call number | Date last seen | Price effective from | Koha item type |
|---|---|---|---|---|---|---|---|---|---|---|---|---|---|---|---|
| Available | Open Shelf | PPM | PPM | Open Shelf | 20/04/2026 | 26.00 | 351.595 AHM 2004 | 20/04/2026 | 20/04/2026 | Books |